Loading...
| Current Events | 4 | 20.00 | 100% | 75% | 25% |
| Fine Arts - Classical Music | 3 | 20.00 | 100% | 100% | 0% |
| Fine Arts - Other Fine Arts | 4 | 20.00 | 100% | 75% | 25% |
| Geography | 2 | 25.00 | 100% | 50% | 100% |
| History - American History | 5 | 18.00 | 100% | 80% | 0% |
| History - European History | 4 | 25.00 | 100% | 100% | 50% |
| History - Other History | 5 | 22.00 | 100% | 80% | 40% |
| History - World History | 1 | 20.00 | 100% | 100% | 0% |
| Literature - American Literature | 6 | 10.00 | 67% | 33% | 0% |
| Literature - British Literature | 5 | 10.00 | 80% | 20% | 0% |
| Literature - European Literature | 7 | 17.14 | 100% | 71% | 0% |
| Literature - World Literature | 4 | 20.00 | 100% | 75% | 25% |
| Mythology | 7 | 22.86 | 100% | 86% | 43% |
| Painting/Sculpture | 5 | 18.00 | 100% | 60% | 20% |
| Philosophy | 1 | 10.00 | 100% | 0% | 0% |
| Pop Culture | 1 | 30.00 | 100% | 100% | 100% |
| Religion | 5 | 24.00 | 100% | 100% | 40% |
| Science - Biology | 8 | 23.75 | 100% | 75% | 63% |
| Science - Chemistry | 3 | 23.33 | 100% | 100% | 33% |
| Science - Other Science | 5 | 22.00 | 100% | 80% | 40% |
| Science - Physics | 6 | 30.00 | 100% | 100% | 100% |
| Social Science | 6 | 18.33 | 100% | 50% | 33% |